000 01217 am a2200301ua 4500
999 _c28257
_d28228
001 009380878
003 EG-ScBUE
005 20200308100511.0
008 040209s2003 enka f 001 0 eng d
020 _a0007155468 (pbk.)
020 _a9780007155460
040 _aStDuBDS
_beng
_erda
_dUk
_dEG-ScBUE
_cEG-ScBUE
082 0 4 _a158.1
_bHAR
_222
100 1 _aHarris, Carol,
_eauthor.
245 1 0 _aNLP made easy :
_ban easy-to-follow introduction to NLP /
_cCarol Harris.
264 1 _aLondon :
_bElement,
_c2003.
300 _aix, 182 pages :
_billustrations ;
_c22 cm
336 _atext
_2rdacontent
_btxt
337 _aunmediated
_2rdamedia
_bn
338 _avolume
_2rdacarrier
_bnc
500 _aIncludes index.
520 _aThis is the most straightforward introduction to NLP on the market. Leading NLP practitioner Carol Harris explains exactly what NLP is in no-nonsense style. Shying away from complicated terms or hard-to-grasp techniques, she gives practical advice on using NLP in everyday life to get what you want.
650 7 _aNeurolinguistic programming
_vPopular works.
_2BUEsh
_925483
653 _bGGEN
_cMarch2020
655 _vReading book
_934232
942 _2ddc
_cBB